La personalidad y obra de D. Juan del Valle y Caviedes / (Record no. 17972)
[ view plain ]
| 000 -CABECERA | |
|---|---|
| campo de control de longitud fija | 00881nam a2200205 i 4500 |
| 001 - NÚMERO DE CONTROL | |
| campo de control | 000018452 |
| 005 - FECHA Y HORA DE LA ÚLTIMA TRANSACCIÓN | |
| campo de control | 20200929165817.0 |
| 008 - DATOS DE LONGITUD FIJA--INFORMACIÓN GENERAL | |
| campo de control de longitud fija | 760218s1975 pe b 000 0 spa |
| 040 ## - FUENTE DE LA CATALOGACIÓN | |
| Centro catalogador/agencia de origen | DO-SdBNP |
| Centro/agencia transcriptor | DLC |
| Centro/agencia modificador | DLC |
| -- | BNPHU |
| 082 ## - NÚMERO DE LA CLASIFICACIÓN DECIMAL DEWEY | |
| Número de clasificación | 928 |
| Número de documento/Ítem | C118p |
| 100 1# - ENTRADA PRINCIPAL--NOMBRE DE PERSONA | |
| Nombre de persona | Caceres, Maria Leticia. |
| 9 (RLIN) | 3142 |
| 245 13 - MENCIÓN DE TÍTULO | |
| Título | La personalidad y obra de D. Juan del Valle y Caviedes / |
| Mención de responsabilidad, etc. | M. Leticia Caceres. |
| 260 ## - PUBLICACIÓN, DISTRIBUCIÓN, ETC. | |
| Lugar de publicación, distribución, etc. | Arequipa, Peru : |
| Nombre del editor, distribuidor, etc. | Imp. Editorial El Sol, |
| Fecha de publicación, distribución, etc. | 1975. |
| 300 ## - DESCRIPCIÓN FÍSICA | |
| Extensión | 280 p. ; |
| Dimensiones | 22 cm. |
| 500 ## - NOTA GENERAL | |
| Nota general | "Las nuevas poesias de don Juan del Valle y Caviedas que se hallan ineditas en el nuevo manuscrito 'Los medicos de Lima' del ano 1690": p. 150-191. |
| 504 ## - NOTA DE BIBLIOGRAFÍA, ETC. | |
| Nota de bibliografía, etc. | Incluye bibliografía p. (263-280). |
| 600 14 - PUNTO DE ACCESO ADICIONAL DE MATERIA--NOMBRE DE PERSONA | |
| Nombre de persona | VALLE Y CAVIEDES, JUAN DEL, |
| Fechas asociadas al nombre | 1652-1692 |
| Subdivisión general | CRÍTICA E INTERPRETACIÓN |
| 9 (RLIN) | 39935 |
| 700 1# - PUNTO DE ACCESO ADICIONAL--NOMBRE DE PERSONA | |
| Nombre de persona | Valle y Caviedes, Juan del, |
| Fechas asociadas al nombre | 1652-1692. |
| 9 (RLIN) | 3136 |
| 910 ## - DATOS DE OPCIÓN DEL USUARIO (OCLC) | |
| Datos de opción del usuario | Catalogación por derivada / LC |
| Estado de retiro | Estado de pérdida | Restricciones de uso | No para préstamo | Código de colección | Localización permanente | Ubicación/localización actual | Ubicación en estantería | Fecha de adquisición | Número de inventario | Total de préstamos | Signatura topográfica completa | Código de barras | Fecha visto por última vez | Precio válido a partir de | Tipo de ítem Koha |
|---|---|---|---|---|---|---|---|---|---|---|---|---|---|---|---|
| Excluido de préstamo | Monografías: Libros y Folletos | General | General | En catalogación | 10.05.2010 | LF1 | 928 C118p | 18452-10 | 25.06.2020 | 25.06.2020 | No se presta |
